[Event "32. Torneo Internacional La Roda "]
[Site "La Roda ESP"]
[Date "2005.03.27"]
[Round "8"]
[White "Llobel Cortell, Enrique"]
[Black "Suba, Mihai"]
[Result "0-1"]
[WhiteElo "2416"]
[BlackElo "2529"]
[PlyCount "52"]
[EventDate "2005.03.23"]
[EventType "swiss"]
[EventRounds "9"]
[EventCountry "ESP"]
[Source "lmi"]
[SourceDate "2005.03.27"]

1. e4 c5 2. Nf3 d6 3. d4 Nf6 4. Nc3 cxd4 5. Nxd4 e6 6. Be3 a6 7. f3 b5 8. Qd2
Bb7 9. O-O-O Nbd7 10. g4 Ne5 11. g5 Nfd7 12. f4 b4 13. Nd5 exd5 14. exd5 Bxd5
15. Bg2 Qa5 16. Bxd5 Qxd5 17. fxe5 dxe5 18. Nf5 Qxd2+ 19. Rxd2 g6 20. Rhd1 gxf5
21. Rxd7 f4 22. Bb6 Be7 23. R7d5 f6 24. gxf6 Bxf6 25. Bc7 O-O 26. Bxe5 f3 0-1

[Event "32. Torneo Internacional La Roda "]
[Site "La Roda ESP"]
[Date "2005.03.27"]
[Round "8"]
[White "Movsziszian, Karen"]
[Black "Spassov, Liuben"]
[Result "0-1"]
[WhiteElo "2455"]
[BlackElo "2382"]
[PlyCount "82"]
[EventDate "2005.03.23"]
[EventType "swiss"]
[EventRounds "9"]
[EventCountry "ESP"]
[Source "lmi"]
[SourceDate "2005.03.27"]

1. Nf3 Nf6 2. g3 b6 3. Bg2 Bb7 4. O-O c5 5. d3 g6 6. e4 d6 7. Ng5 Bg7 8. f4 O-O
9. c3 Nc6 10. Na3 Rc8 11. g4 a6 12. h3 b5 13. Qe1 e6 14. Nc2 Qd7 15. Qh4 h6 16.
Nf3 Nh7 17. f5 g5 18. Qf2 Ne5 19. Nxe5 Bxe5 20. Be3 Bg7 21. h4 Qe7 22. hxg5
hxg5 23. Rae1 Be5 24. Bf3 Bf4 25. Kg2 e5 26. Rh1 Nf6 27. Bxf4 exf4 28. d4 cxd4
29. Nxd4 Kg7 30. Ne2 Qe5 31. Nc1 Bxe4 32. Bxe4 Nxe4 33. Qf3 d5 34. Nd3 Qd6 35.
Nb4 Nf6 36. Nc2 Rh8 37. Nd4 Rxh1 38. Rxh1 Rh8 39. Rxh8 Kxh8 40. Qe2 Kg7 41. Nf3
Ne4 0-1

[Event "32. Torneo Internacional La Roda "]
[Site "La Roda ESP"]
[Date "2005.03.27"]
[Round "8"]
[White "Strikovic, Aleksa"]
[Black "Korneev, Oleg"]
[Result "1/2-1/2"]
[WhiteElo "2458"]
[BlackElo "2602"]
[PlyCount "20"]
[EventDate "2005.03.23"]
[EventType "swiss"]
[EventRounds "9"]
[EventCountry "ESP"]
[Source "lmi"]
[SourceDate "2005.03.27"]

1. e4 e5 2. Nf3 Nc6 3. Bb5 a6 4. Ba4 Nf6 5. d3 d6 6. c3 g6 7. O-O Bg7 8. Re1
O-O 9. Bg5 h6 10. Bh4 Qe8 1/2-1/2

[Event "32. Torneo Internacional La Roda "]
[Site "La Roda ESP"]
[Date "2005.03.27"]
[Round "8"]
[White "Svetushkin, Dmitry"]
[Black "San Emeterio Cabanes, Jose Luis"]
[Result "1-0"]
[WhiteElo "2530"]
[BlackElo "2401"]
[PlyCount "63"]
[EventDate "2005.03.23"]
[EventType "swiss"]
[EventRounds "9"]
[EventCountry "ESP"]
[Source "lmi"]
[SourceDate "2005.03.27"]

1. d4 Nf6 2. c4 g6 3. f3 Bg7 4. e4 d6 5. Nc3 O-O 6. Nge2 c5 7. d5 Na6 8. Ng3
Nc7 9. Be2 e6 10. Bg5 exd5 11. cxd5 b5 12. Qd2 Bd7 13. a3 Qb8 14. Nd1 c4 15.
Bh6 Bxh6 16. Qxh6 Qb6 17. Qf4 Nfe8 18. h4 Qd4 19. Qe3 Qxe3 20. Nxe3 f5 21. exf5
gxf5 22. f4 Nf6 23. Bf3 Rae8 24. Kf2 Na6 25. Nexf5 Nc5 26. Nxd6 Nd3+ 27. Kg1
Re3 28. Ngf5 Bxf5 29. Nxf5 Rxf3 30. gxf3 Nxd5 31. Nd6 Rxf4 32. Rh3 1-0

[Event "32. Torneo Internacional La Roda "]
[Site "La Roda ESP"]
[Date "2005.03.27"]
[Round "9"]
[White "Camarena Gimenez, Rufino"]
[Black "Sanchez Sanchez, Alberto"]
[Result "1-0"]
[WhiteElo "2376"]
[BlackElo "2036"]
[PlyCount "69"]
[EventDate "2005.03.23"]
[EventType "swiss"]
[EventRounds "9"]
[EventCountry "ESP"]
[Source "lmi"]
[SourceDate "2005.03.27"]

1. e4 Nf6 2. e5 Nd5 3. d4 d6 4. c4 Nb6 5. exd6 cxd6 6. Nc3 g6 7. Nf3 Bg7 8. Be2
O-O 9. O-O e5 10. Be3 Nc6 11. Rc1 f5 12. dxe5 dxe5 13. c5 Nd7 14. Bc4+ Kh8 15.
Ng5 Qa5 16. Nf7+ Rxf7 17. Bxf7 f4 18. Bd2 Qxc5 19. Ne4 Qe7 20. Bd5 Nd4 21. Bc3
Nb6 22. Bxd4 exd4 23. Bb3 Bd7 24. Nc5 Bc6 25. Ne6 Qf6 26. Nxg7 Kxg7 27. Re1 Rd8
28. Qg4 d3 29. Re6 Qd4 30. Re7+ Kh8 31. Qh4 h5 32. Qg5 Bd5 33. Qh6+ Kg8 34.
Qh7+ Kf8 35. Rf7+ 1-0

[Event "32. Torneo Internacional La Roda "]
[Site "La Roda ESP"]
[Date "2005.03.27"]
[Round "9"]
[White "Del Rio Angelis, Salvador Gabriel"]
[Black "Belezky, Sasha"]
[Result "0-1"]
[WhiteElo "2502"]
[BlackElo "2399"]
[PlyCount "72"]
[EventDate "2005.03.23"]
[EventType "swiss"]
[EventRounds "9"]
[EventCountry "ESP"]
[Source "lmi"]
[SourceDate "2005.03.27"]

1. e4 c5 2. Nf3 d6 3. d4 cxd4 4. Nxd4 Nf6 5. Nc3 g6 6. Be2 Bg7 7. O-O Nc6 8.
Nb3 O-O 9. Bg5 Be6 10. Kh1 h6 11. Bh4 g5 12. Bg3 d5 13. e5 Nd7 14. Nxd5 Ndxe5
15. c4 b5 16. Nc5 bxc4 17. Nxe6 fxe6 18. Ne3 Qxd1 19. Raxd1 c3 20. bxc3 Rad8
21. Kg1 Rd6 22. Bb5 Rc8 23. Ba6 Rcd8 24. f4 gxf4 25. Bxf4 Rd2 26. Bc8 Ng6 27.
Bxe6+ Kh8 28. Bc7 Rxd1 29. Rxd1 Rf8 30. Bd5 Rc8 31. Bxc6 Rxc7 32. Rd8+ Nf8 33.
Be4 Rxc3 34. Kf2 e6 35. Bd3 Kg8 36. Nc4 Bf6 0-1

[Event "32. Torneo Internacional La Roda "]
[Site "La Roda ESP"]
[Date "2005.03.27"]
[Round "9"]
[White "Fernandez Gil, Marco Antonio"]
[Black "Llobel Cortell, Enrique"]
[Result "1/2-1/2"]
[WhiteElo "2264"]
[BlackElo "2416"]
[PlyCount "21"]
[EventDate "2005.03.23"]
[EventType "swiss"]
[EventRounds "9"]
[EventCountry "ESP"]
[Source "lmi"]
[SourceDate "2005.03.27"]

1. c4 Nc6 2. g3 e5 3. Bg2 Bc5 4. d3 d6 5. Nf3 Nf6 6. Nc3 a6 7. Bg5 h6 8. Bxf6
Qxf6 9. O-O O-O 10. Nd5 Qd8 11. Rb1 1/2-1/2

[Event "32. Torneo Internacional La Roda "]
[Site "La Roda ESP"]
[Date "2005.03.27"]
[Round "9"]
[White "Hernandez Montalvo, Ivan"]
[Black "Movsziszian, Karen"]
[Result "1/2-1/2"]
[WhiteElo "2298"]
[BlackElo "2455"]
[PlyCount "84"]
[EventDate "2005.03.23"]
[EventType "swiss"]
[EventRounds "9"]
[EventCountry "ESP"]
[Source "lmi"]
[SourceDate "2005.03.27"]

1. d4 g6 2. c4 Bg7 3. e4 d6 4. Nc3 Nf6 5. Be2 O-O 6. Bg5 Na6 7. Qd2 Qe8 8. f3
e5 9. d5 Bd7 10. g4 c6 11. h4 cxd5 12. cxd5 h5 13. Bxf6 Bxf6 14. gxh5 Kg7 15.
Bxa6 bxa6 16. O-O-O Rh8 17. hxg6 fxg6 18. Nge2 Bxh4 19. f4 Bg4 20. Rhg1 Bh5 21.
fxe5 dxe5 22. Rdf1 Rf8 23. Ng3 Rxf1+ 24. Nxf1 Qd7 25. Qh2 Qe7 26. d6 Qf6 27.
Nd5 Qxd6 28. Kb1 Qc5 29. Nfe3 Rf8 30. Qxh4 Qd4 31. Qe7+ Kg8 32. Qe6+ Kh8 33. a3
Rf2 34. Nc3 Qxe3 35. Qxe5+ Kh7 36. Nd5 Qd3+ 37. Ka1 Rf1+ 38. Rxf1 Qxf1+ 39. Ka2
Qc4+ 40. Ka1 Qc1+ 41. Ka2 Qc4+ 42. Ka1 Qc1+ 1/2-1/2

[Event "32. Torneo Internacional La Roda "]
[Site "La Roda ESP"]
[Date "2005.03.27"]
[Round "9"]
[White "Ibarra Jerez, Jose Carlos"]
[Black "De La Villa Garcia, Jesus Maria"]
[Result "1/2-1/2"]
[WhiteElo "2434"]
[BlackElo "2470"]
[PlyCount "22"]
[EventDate "2005.03.23"]
[EventType "swiss"]
[EventRounds "9"]
[EventCountry "ESP"]
[Source "lmi"]
[SourceDate "2005.03.27"]

1. c4 b6 2. Nf3 Bb7 3. e3 e6 4. d4 Nf6 5. Be2 Be7 6. O-O O-O 7. Nc3 d5 8. b3 c5
9. Bb2 dxc4 10. Bxc4 cxd4 11. Nxd4 Nc6 1/2-1/2

[Event "32. Torneo Internacional La Roda "]
[Site "La Roda ESP"]
[Date "2005.03.27"]
[Round "9"]
[White "Madina, Martin"]
[Black "Granero Roca, Antonio"]
[Result "0-1"]
[WhiteElo "2262"]
[BlackElo "2348"]
[PlyCount "68"]
[EventDate "2005.03.23"]
[EventType "swiss"]
[EventRounds "9"]
[EventCountry "ESP"]
[Source "lmi"]
[SourceDate "2005.03.27"]

1. Nf3 Nf6 2. c4 g6 3. Nc3 Bg7 4. e4 d6 5. d4 O-O 6. Be2 Bg4 7. Be3 Nfd7 8. Ng1
Bxe2 9. Ngxe2 c5 10. h3 Qa5 11. Rc1 Na6 12. O-O Rac8 13. d5 Nc7 14. Qd2 b5 15.
Nxb5 Qxd2 16. Bxd2 Nxb5 17. cxb5 Rb8 18. Bc3 Rxb5 19. Bxg7 Kxg7 20. b3 Rb4 21.
f3 a5 22. Nc3 f5 23. exf5 Rxf5 24. Rfe1 Kf7 25. Re3 Re5 26. Kf2 c4 27. bxc4
Rb2+ 28. Ne2 Rxe3 29. Kxe3 Rxa2 30. f4 Nc5 31. g4 a4 32. h4 a3 33. Rc3 Ra1 34.
Nc1 a2 0-1

[Event "32. Torneo Internacional La Roda "]
[Site "La Roda ESP"]
[Date "2005.03.27"]
[Round "9"]
[White "San Emeterio Cabanes, Jose Luis"]
[Black "Guerrero Olmos, Sergio"]
[Result "0-1"]
[WhiteElo "2401"]
[BlackElo "2222"]
[PlyCount "74"]
[EventDate "2005.03.23"]
[EventType "swiss"]
[EventRounds "9"]
[EventCountry "ESP"]
[Source "lmi"]
[SourceDate "2005.03.27"]

1. b3 d5 2. e3 Nf6 3. Bb2 Bg4 4. Be2 Bxe2 5. Qxe2 c6 6. f4 e6 7. Nf3 Nbd7 8.
O-O Be7 9. d3 Qc7 10. Nbd2 O-O 11. Kh1 Bd6 12. Rae1 Rfe8 13. Nh4 e5 14. f5 e4
15. g4 h6 16. Rg1 Nh7 17. dxe4 dxe4 18. f6 Ndxf6 19. Bxf6 Nxf6 20. g5 hxg5 21.
Rxg5 Re6 22. Nf5 g6 23. Reg1 Kf8 24. Nh4 Rd8 25. Nxg6+ fxg6 26. Rxg6 Qh7 27.
Nxe4 Rxe4 28. Rxf6+ Ke7 29. Rfg6 Be5 30. R6g2 Rf8 31. Qd3 Qh4 32. Qe2 Rf7 33.
Rg4 Rxg4 34. Rxg4 Rf1+ 35. Kg2 Re1 36. Rxh4 Rxe2+ 37. Kf3 Rxh2 0-1

[Event "32. Torneo Internacional La Roda "]
[Site "La Roda ESP"]
[Date "2005.03.27"]
[Round "9"]
[White "Spasov, Vasil"]
[Black "Mirzoev, Azer"]
[Result "1-0"]
[WhiteElo "2543"]
[BlackElo "2529"]
[PlyCount "79"]
[EventDate "2005.03.23"]
[EventType "swiss"]
[EventRounds "9"]
[EventCountry "ESP"]
[Source "lmi"]
[SourceDate "2005.03.27"]

1. e4 c5 2. Nf3 e6 3. d4 cxd4 4. Nxd4 Nf6 5. Nc3 d6 6. Be3 a6 7. g4 b5 8. g5
Nfd7 9. a3 Nb6 10. h4 N8d7 11. h5 Bb7 12. g6 hxg6 13. hxg6 Rxh1 14. gxf7+ Kxf7
15. Qf3+ Qf6 16. Qxh1 Nc4 17. Bxc4 bxc4 18. O-O-O Nc5 19. Nf3 Rc8 20. Ng5+ Ke8
21. Nh7 Qf7 22. Nxf8 Qxf8 23. Qh5+ Ke7 24. Qg5+ Ke8 25. Qg6+ Kd7 26. Rg1 Rc7
27. Qxg7+ Qxg7 28. Rxg7+ Kc6 29. Rxc7+ Kxc7 30. Bxc5 dxc5 31. f4 a5 32. Kd2 Bc6
33. Ke3 Kd7 34. Nb1 Bb7 35. c3 Bc6 36. Nd2 Bb5 37. Nf1 Bc6 38. f5 Kd6 39. Kf4
Ke7 40. Ke5 1-0

[Event "32. Torneo Internacional La Roda "]
[Site "La Roda ESP"]
[Date "2005.03.27"]
[Round "9"]
[White "Spassov, Liuben"]
[Black "Delchev, Aleksander"]
[Result "0-1"]
[WhiteElo "2382"]
[BlackElo "2597"]
[PlyCount "60"]
[EventDate "2005.03.23"]
[EventType "swiss"]
[EventRounds "9"]
[EventCountry "ESP"]
[Source "lmi"]
[SourceDate "2005.03.27"]

1. d4 Nf6 2. c4 e6 3. Nf3 d5 4. Nc3 dxc4 5. e3 a6 6. Bxc4 b5 7. Bd3 Bb7 8. Qe2
c5 9. dxc5 Nc6 10. e4 Bxc5 11. Bg5 h6 12. Bh4 Nd4 13. Nxd4 Bxd4 14. O-O g5 15.
Bg3 h5 16. Rad1 Qb6 17. h3 h4 18. Bh2 Rg8 19. e5 Qc6 20. Ne4 Nxe4 21. Bxe4 Qxe4
22. Qxe4 Bxf2+ 23. Rxf2 Bxe4 24. Rc1 Rd8 25. Rc7 g4 26. Rfxf7 Rd1+ 27. Rf1 Rd2
28. Rf4 Kd8 29. Rcf7 Bd5 30. Kf1 g3 0-1